Banking and currency in Hong Kong: a study of postwar financial development (Record no. 226203)

MARC details
000 -LEADER
fixed length control field 00415nam a2200157Ia 4500
008 - FIXED-LENGTH DATA ELEMENTS--GENERAL INFORMATION
fixed length control field 230917s9999||||xx |||||||||||||| ||und||
020 ## - ISBN
Price POU10
040 ## - CATALOGING SOURCE
-- 7501
Original cataloging agency VIVEKANANDA LIBRARY
041 ## - Language
-- English
082 ## - DDC NUMBER
Classification number 332.1095125 J27B
100 ## - MAIN ENTRY--PERSONAL NAME
Personal name Jao, Y C
245 #0 - TITLE STATEMENT
Title Banking and currency in Hong Kong: a study of postwar financial development
260 ## - PUBLICATION, DISTRIBUTION, ETC. (IMPRINT)
Place of publication, distribution, etc London
Name of publisher, distributor, etc Macmillan
Date of publication, distribution, etc 1974
300 ## - PHYSICAL DESCRIPTION
Pages 351 p.
942 ## - ADDED ENTRY ELEMENTS (KOHA)
Koha item type Books
Holdings
Withdrawn status Lost status Damaged status Not for loan Location (home branch) Sublocation or collection (holding branch) Date acquired Koha issues (times borrowed) Koha full call number Accession No. Koha date last seen Koha item type
        VIVEKANANDA LIBRARY VIVEKANANDA LIBRARY 08/08/2002   332.1095125 J27B 93339 17/09/2023 Books
© Designed and Maintained by Vivekananda Library, MDU Rohtak